| 000 | 00544nam a2200229Ia 4500 | ||
|---|---|---|---|
| 008 | 210210b1952 xxu||||| |||| 00| 0 eng d | ||
| 041 | _aeng | ||
| 082 | _a540.1 LEIS | ||
| 100 | _aLEICESTER (Henry M) | ||
| 245 | _aSource book in chemistry 1400-1900 | ||
| 250 | _a | ||
| 260 |
_aNew York _bMcGraw Hill Book Company _c1952 |
||
| 300 | _axvi,554 | ||
| 650 | _aSource | ||
| 650 | _ain | ||
| 650 | _achemistry | ||
| 650 | _abook | ||
| 650 | _a1400-1900 | ||
| 690 | _aChemistry | ||
| 700 | _aKLICKSTEIN (Herbert S) | ||
| 906 | _a009864 | ||
| 999 |
_c116238 _d116238 |
||